000 00551nam a22001697a 4500
999 _c8320
_d8320
008 201113b ||||| |||| 00| 0 eng d
040 _aBMS College of Architecture
100 _aDhanush, V K
245 _aA healing hand- drug de addiction and rehabilitation center
300 _aNA
500 _a1CF15AT022
502 _8B,Arch
_NBMS College of Architecture, Visvesvaraya Technological University (VTU)
_aProject report
_d2019
650 _aRehabilitation center
700 _aBhagyalaxmi
_eGuide
700 _aNisha, M
_eGuide
942 _2ddc
_cTHE